01005nam a2200253Ia 4500003000400000005001700004008004100021020001800062040001800080041000800098082001800106100002800124245011600152250001300268260003300281300003100314650006800345650005200413650005200465700002700517942002700544999001900571952016100590OSt20241003114843.0210716s2015 xx 000 0 und d a9780415437646 cAIMIT LIBRARY aeng a382 22bJOHD aJohnson, Debra.9181216 aInternational business : bthemes and issues in the modern global economy /cBy Debra Johnson and Colin Turner. a2 nd ed. aLondon :bRoutledge ,c2015. axxvii,496p. ;bPBc25.2 cm aGlobalisation and the context of international business9181217 aEnterprise issues in the global economy9181218 aChallenges for the global resource base9181219 aTurner, Colin.9181220 2ddccBKe2ndk382 JOHD c209053d209053 00102ddc40708MBAaAIMITbAIMITd2015-03-13g995.00iBill no:1408; Bill dt:2015-03-02l0o382 JOHDpMBA11619r2026-05-23 00:00:00v746.25w2021-07-16yBK